000
00328nam a22001457a 4500
003
SGT
020
_a
978-81-8069-577-8
082
_a
362.408
_b
C09P
100
_a
PANKAJAM, G
245
_a
CARE AND EDUCATION OF DIFFERENTLY A BLED
250
_a
1ST
260
_a
DELHI
_b
CONCEPT PUB
_c
2009
300
_a
160
942
_2
ddc
_c
BK
999
_c
15515
_d
15515